Progressively Harder the Office (US) (Slideshow) Quiz Stats

Quiz not verified by Sporcle

Also try: '60s TV by Actor
Challenge
Share
Tweet
Score 0/40 Timer 10:00
0 Plays Today
% Correct
???
100%
???
99.2%
???
98.7%
???
98.5%
???
97%
???
96%
???
95.4%
???
95.2%
???
94.8%
???
94.5%
???
94.3%
???
93.9%
???
93.7%
???
93.4%
???
93.2%
???
92.5%
???
91.5%
???
89.6%
???
89.1%
???
87.9%
% Correct
???
86.8%
???
85.6%
???
84.1%
???
83.8%
???
82.8%
???
81.1%
???
76.8%
???
74.3%
???
69.9%
???
66.6%
???
55.1%
???
50%
???
46.1%
???
42.3%
???
34.9%
???
28.5%
???
23.4%
???
21.5%
???
19.7%
???
16.5%

You're not logged in!

Compare scores with friends on all Sporcle quizzes.
Sign Up with Email
OR
Log In

You Might Also Like...

Show Comments

Extras

Top Quizzes Today


Score Distribution

Your Account Isn't Verified!

In order to create a playlist on Sporcle, you need to verify the email address you used during registration. Go to your Sporcle Settings to finish the process.